Film français : Les aventures de Rabbi Jacob - Statistiques

Statistiques générales
  • Ce quiz a été pris 134 fois
  • Le résultat moyen est 12 sur 20
Statistiques - réponses
Questions Réponses % Correct
Acteur jouant le rôle de Victor Pivert. Louis de Funès
100%
Religion à laquelle adhère Salomon. Le judaïsme
93%
Fonction de Salomon auprès de Victor Pivert Son chauffeur
88%
Ville américaine d'où arrive l'oncle de Salomon, Jacob. New York
85%
Complétez cette réplique : "Vous avez vu la _____ ! Elle est noire. Elle est même pas café au lait, elle est noire. Et lui, il est blanc." Mariée
78%
Citez les nationalités étrangères des automobilistes que rencontre Victor Pivert dans l'embouteillage. Belge
76%
Citez les nationalités étrangères des automobilistes que rencontre Victor Pivert dans l'embouteillage. Allemande
73%
Citez les nationalités étrangères des automobilistes que rencontre Victor Pivert dans l'embouteillage. Anglaise
72%
Année de sortie du film. 1973
70%
Ville normande connue pour son festival du cinéma américain, d'où revient Victor Pivert pour le mariage de sa fille. Deauville
63%
Révolutionnaire communiste argentin à qui il convient d'attribuer la paternité de la phrase précédente. Ernesto Guevara
63%
Citez les nationalités étrangères des automobilistes que rencontre Victor Pivert dans l'embouteillage. Suisse
61%
Réalisateur du film. Gérard Oury
59%
Complétez cette réplique : "Moi, à mon usine, je lui mens toute la journée au ____. Il aime qu'on lui mente le _____. Le _____ !" Peuple
54%
Compositeur de la bande originale du film. Vladimir Cosma
50%
Coureur cycliste belge dont Victor Pivert croyait qu'il avait dit "La révolution c'est comme un bicyclette: quand elle n'avance pas, elle tombe." Eddy Merckx
48%
Acteur jouant le rôle de Salomon Henri Guybet
48%
Complétez cette réplique : "Alors, écoutez-moi !... Vous faites comme d'habitude. Vous ________ tout et moi, je ne donne rien." Promettez
36%
Actrice centenaire qui joue le rôle de Germaine, l'épouse jalouse de Victor Pivert. Suzy Delair
16%
Acteur helvétique qui joue le rôle de l'automobiliste français qui insulte copieusement Victor Pivert. Il était égalerement connu comme humoriste aux côtés de Jean Yanne dans nombre de sketchs de ce dernier. Paul Mercey
7%
Aucun quiz correspondant
Distribution des résultats
% des personnes avec chaque résultat
Percentile par nombre de réponses
Votre historique - résultats
Vous n’avez pas pris ce quiz